| 000 | 00512nam a22001937a 4500 | ||
|---|---|---|---|
| 003 | NUST - PNEC | ||
| 005 | 20170116180756.0 | ||
| 008 | 150406b xxu||||| |||| 00| 0 eng d | ||
| 020 | _a- | ||
| 040 | _cLIBRARY | ||
| 082 | _a297.124 KAN | ||
| 100 |
_92103 _aKandhlavi Muhammad Zakariya |
||
| 245 |
_aVirtues of the holy quran _cMuhammad Zakariya Kandhlavi |
||
| 250 | _a- | ||
| 260 |
_aLahore _bIslamic Book Service _c- |
||
| 300 | _a136 p. : | ||
| 650 |
_92104 _aIslam, Quran _xGeneral |
||
| 942 |
_2ddc _cBK |
||
| 999 |
_c62755 _d62755 |
||